00535nam a2200193Ii 450000100060000000300090000600800410001502000150005604000330007104100080010408200150011210000190012724500620014626400400020830000120024833600260026033700280028633800270031413008CO-ViMGA241108s9999||||xx |||||||||||||| ||und|| a9586690431 aCO-ViMGAbspaerdacCO-ViMGA0 aspa04a291.2 B19e1 aCarlos Bazarra10aLa esperanza no defrauda:bMeditación sobre el infierno 1aBogotá, Colombia : Paulinas, 1996 avolumen atextbtxt2rdacontent aunmediatedbn2rdamedia avolumebnc2rdacarrier